Why is productivity slowing down? (Record no. 525964)

000 -LEADER
fixed length control field 01421nam a22001457a 4500
008 - FIXED-LENGTH DATA ELEMENTS--GENERAL INFORMATION
fixed length control field 240429b ||||| |||| 00| 0 eng d
100 ## - MAIN ENTRY--PERSONAL NAME
Personal name Goldin, Ian et al
245 ## - TITLE STATEMENT
Title Why is productivity slowing down?
260 ## - PUBLICATION, DISTRIBUTION, ETC. (IMPRINT)
Place of publication, distribution, etc Journal of Economic Literature
300 ## - PHYSICAL DESCRIPTION
Extent 62(1). Mar, 2024: p.196-268
520 ## - SUMMARY, ETC.
Summary, etc We examine the contribution of different explanations to the slowdown of labor productivity. Comparing the post-2005 period with the preceding decade for five advanced economies, we seek to explain a slowdown of 0.8 to 1.8 pp. No single explanation accounts for the slowdown, but we have identified a combination of factors that, taken together, account for much of what has been observed. In the countries we have studied, these are mismeasurement, a decline in the contribution of capital per worker, lower spillovers from the growth of intangible capital, the slowdown in trade, and a lower growth of allocative efficiency. Sectoral reallocation and a lower contribution of human capital may also have played a role in some countries. In addition to our quantitative assessment of explanations for the slowdown, we qualitatively assess other explanations, including whether productivity growth may be declining due to innovation slowing down.- Reproduced

https://www.aeaweb.org/articles?id=10.1257/jel.20221543
773 ## - HOST ITEM ENTRY
Main entry heading Journal of Economic Literature
906 ## - LOCAL DATA ELEMENT F, LDF (RLIN)
Subject DIP LABOURS
942 ## - ADDED ENTRY ELEMENTS (KOHA)
Item type Articles
Holdings
Withdrawn status Lost status Source of classification or shelving scheme Damaged status Not for loan Permanent location Current location Date acquired Serial Enumeration / chronology Barcode Date last seen Koha item type
          Indian Institute of Public Administration Indian Institute of Public Administration 2024-04-29 62(1). Mar, 2024: p.196-268 AR131757 2024-04-29 Articles

Powered by Koha